El drama del segle / (Record no. 90404)

MARC details
000 -LEADER
campo de control de longitud fija 00786nam a2200241 i 4500
001 - NÚMERO DE CONTROL
campo de control 90404
003 - IDENTIFICADOR DE NÚMERO DE CONTROL
campo de control ES-MaACL
005 - FECHA Y HORA DE LA ÚLTIMA TRANSACCIÓN
campo de control 20250717065629.0
007 - CAMPO FIJO DE DESCRIPCIÓN FÍSICA--INFORMACIÓN GENERAL
campo de control de longitud fija t|
008 - DATOS DE LONGITUD FIJA--INFORMACIÓN GENERAL
campo de control de longitud fija 050120s1961 sp |||| | cat d
100 1# - ENTRADA PRINCIPAL--NOMBRE DE PERSONA
Nombre de persona Lebret, Louis Joseph.
9 (RLIN) 71033
245 13 - MENCIÓN DEL TÍTULO
Título El drama del segle /
Mención de responsabilidad, etc. L.J. Lebret ; traductor Joan Ruiz Calonja.
260 ## - PUBLICACIÓN, DISTRIBUCIÓN, ETC.
Lugar de publicación, distribución, etc. Barcelona :
Nombre del editor, distribuidor, etc. Estela,
Fecha de publicación, distribución, etc. [1961]
300 ## - DESCRIPCIÓN FÍSICA
Extensión 233 p. ;
Dimensiones 21 cm.
490 1# - MENCIÓN DE SERIE
Mención de serie Col·lecció "El Món Avui" ;
Designación de volumen o secuencia 1
650 #7 - PUNTO DE ACCESO ADICIONAL DE MATERIA--TÉRMINO DE MATERIA
Término de materia o nombre geográfico como elemento de entrada Problemas sociales
Fuente del encabezamiento o término embne
9 (RLIN) 16415
650 04 - PUNTO DE ACCESO ADICIONAL DE MATERIA--TÉRMINO DE MATERIA
Término de materia o nombre geográfico como elemento de entrada Historia económica-
Subdivisión cronológica S.XX.
9 (RLIN) 13409
650 #4 - PUNTO DE ACCESO ADICIONAL DE MATERIA--TÉRMINO DE MATERIA
Término de materia o nombre geográfico como elemento de entrada Países en desarrollo-
Subdivisión general Política económica.
9 (RLIN) 178007
700 1# - ENTRADA AGREGADA--NOMBRE PERSONAL
Nombre de persona Ruiz Calonja, J.
9 (RLIN) 100685
830 0# - PUNTO DE ACCESO ADICIONAL DE SERIE-TÍTULO UNIFORME
Título uniforme Col·lecció "El Món Avui" ;
Designación de volumen o secuencia 1
9 (RLIN) 231940
852 ## - LOCALIZACIÓN
Ubicación ES-MaACL
Número de control de estantería C-21350
Holdings
Estatus retirado Estado de pérdida Estado de daño No para préstamo Biblioteca de origen Biblioteca actual Ubicación en estantería Fecha de adquisición Fuente de adquisición Total de préstamos Signatura topográfica completa Código de barras Visto por última vez Precio de reemplazo Tipo de ítem Koha
        Biblioteca del Ateneo de Madrid Biblioteca del Ateneo de Madrid Galería 17/01/2008     C-21350 1094403 23/02/2023 23/02/2023 Libro impreso